000 00559nam a2200205Ia 4500
003 IN-BaIIA
008 211028s9999 xx 000 0 eng d
020 _a0-385-40818-8
040 _cIIA Library
080 _a52
_bBRY
100 _aBryson, Bill
_928313
245 2 _aA short history of nearly everything
_cBill Bryson
260 _aLondon
_bDoubleday
_c2003
300 _axii, 515p.
650 _aCosmos
_910012
650 _aEarth
650 _aPlanets
_9971
650 _aUniverse
_91987
942 _cBK
999 _c15348
_d15348